All UK Knight equipment - Statistics

General Stats
  • This quiz has been taken 7 times
  • The average score is 9 of 17
Answers on the Grid
Answers color-coded by a green-red scale on the quiz's grid according to % correct below.
Shield
Lance
Teapot
Furry coat
Helmet
Fishing rod
Sword
Battle Armor
Poison drink
Blood sucker
Axe
A pair of Gauntlets
Ceremonial Armor
Horse
Wand
Book
Horse's Armor
Feather
Plume
Wine
War mace
Vambraces
Greaves
Tassets
Gorget
Elbow cop
Codpiece armor
Chest plate
Food and water supplies
Sabatons
 
Answer Stats
Answer % Correct
Shield
100%
Helmet
83%
Lance
83%
Sword
83%
A pair of Gauntlets
67%
Battle Armor
67%
Horse
67%
Axe
50%
Chest plate
50%
Greaves
50%
Vambraces
50%
Gorget
33%
Horse's Armor
33%
Sabatons
33%
Tassets
33%
Elbow cop
17%
Food and water supplies
17%
No matching quizzes found
Score Distribution
Percent of People with Each Score
Percentile by Number Answered
Your Score History
You have not taken this quiz